000 00336nam a2200157Ia 4500
001 13092
003 IN-NITTTR
005 20251114233123.0
008 251113s9999||||xx |||||||||||||| ||eng||
040 _beng
040 _cIN-NITTTR
041 _aeng
082 _a005.133 B181P
245 0 _aProgramming in BASIC /
942 _2ddc
_cBK
999 _c15728
_d15728